<?xml version="1.0" encoding="UTF-8"?>
<record
    xmlns:xsi="http://www.w3.org/2001/XMLSchema-instance"
    xsi:schemaLocation="http://www.loc.gov/MARC21/slim http://www.loc.gov/standards/marcxml/schema/MARC21slim.xsd"
    xmlns="http://www.loc.gov/MARC21/slim">

  <leader>01874nam a22003014  4500</leader>
  <controlfield tag="001">113652</controlfield>
  <controlfield tag="003">DR-UNIBE</controlfield>
  <controlfield tag="005">20250520112438.0</controlfield>
  <controlfield tag="007">cr nn 008mamaa</controlfield>
  <controlfield tag="008">250520b2024    sp |||||s|||| 00| 0 spa d</controlfield>
  <datafield tag="020" ind1=" " ind2=" ">
    <subfield code="a">9788427731660 (electr&#xF3;nico)</subfield>
  </datafield>
  <datafield tag="040" ind1=" " ind2=" ">
    <subfield code="a">BIBLIOTECA UNIBE</subfield>
    <subfield code="c">BIBLIOTECA UNIBE</subfield>
    <subfield code="e">rda</subfield>
  </datafield>
  <datafield tag="041" ind1=" " ind2=" ">
    <subfield code="a">spa</subfield>
  </datafield>
  <datafield tag="100" ind1="1" ind2=" ">
    <subfield code="a">Torre Gonz&#xE1;lez, Bel&#xE9;n de la </subfield>
    <subfield code="e">autor</subfield>
    <subfield code="9">195734</subfield>
  </datafield>
  <datafield tag="245" ind1="1" ind2="0">
    <subfield code="a">Una mirada inclusiva al alumnado con TEA : </subfield>
    <subfield code="b">c&#xF3;mo articular respuestas y buenas pr&#xE1;cticas en contextos educativos ordinarios</subfield>
  </datafield>
  <datafield tag="260" ind1=" " ind2=" ">
    <subfield code="a">Madrid :</subfield>
    <subfield code="b">Narcea,</subfield>
    <subfield code="c"> 2024</subfield>
  </datafield>
  <datafield tag="300" ind1=" " ind2=" ">
    <subfield code="a">168  p&#xE1;ginas </subfield>
  </datafield>
  <datafield tag="500" ind1=" " ind2=" ">
    <subfield code="a">Recurso en l&#xED;nea:
Disponible para miembros de UNIBE a trav&#xE9;s del portal web del CRAI: https://www.unibe.edu.do/biblioteca/libros-electronicos/</subfield>
  </datafield>
  <datafield tag="505" ind1=" " ind2=" ">
    <subfield code="a">I. UNA MIRADA AMPLIA AL TRASTORNO DEL ESPECTRO DEL AUTISMO |

1. Alumnado con TEA. Una breve aproximaci&#xF3;n conceptual |

2. Detecci&#xF3;n temprana y diagn&#xF3;stico inicial |

3. C&#xF3;mo organizar una respuesta educativa con una mirada inclusiva |

 C&#xF3;mo deben ser los centros que escolaricen al alumnado con TEA |

4. Estrategias metodol&#xF3;gicas de intervenci&#xF3;n educativa del alumnado con TEA |


II. IDEAS PR&#xC1;CTICAS PARA UNA RESPUESTA EDUCATIVA  |

5. C&#xF3;mo articular respuestas en el contexto educativo ordinario |


6. Trabajo con familias de alumnado con grandes dificultades |


7. Recursos para trabajar en respuesta educativa al alumnado con TEA  |
</subfield>
  </datafield>
  <datafield tag="650" ind1=" " ind2="7">
    <subfield code="a">Inclusi&#xF3;n</subfield>
    <subfield code="2">lemb</subfield>
    <subfield code="9">84742</subfield>
  </datafield>
  <datafield tag="650" ind1=" " ind2="7">
    <subfield code="a">Trastorno del espectro autista</subfield>
    <subfield code="2">lemb</subfield>
    <subfield code="9">195735</subfield>
  </datafield>
  <datafield tag="653" ind1=" " ind2=" ">
    <subfield code="a">Educaci&#xF3;n inclusiva</subfield>
  </datafield>
  <datafield tag="653" ind1=" " ind2=" ">
    <subfield code="a">Atenci&#xF3;n a la diversidad</subfield>
  </datafield>
  <datafield tag="655" ind1=" " ind2="4">
    <subfield code="a">Recurso electr&#xF3;nico</subfield>
    <subfield code="9">42681</subfield>
  </datafield>
  <datafield tag="700" ind1="1" ind2=" ">
    <subfield code="a">Mart&#xED;n Ortega, Elena </subfield>
    <subfield code="e">prologuista</subfield>
    <subfield code="9">195736</subfield>
  </datafield>
  <datafield tag="856" ind1=" " ind2=" ">
    <subfield code="u">https://ezproxy.unibe.edu.do:2062/linkprocessor/plink?id=e291e1a4-fb45-3e16-8928-6a7ea2a1fd61</subfield>
  </datafield>
  <datafield tag="942" ind1=" " ind2=" ">
    <subfield code="2">ddc</subfield>
    <subfield code="c">EB</subfield>
  </datafield>
  <datafield tag="999" ind1=" " ind2=" ">
    <subfield code="c">113655</subfield>
    <subfield code="d">113655</subfield>
  </datafield>
  <datafield tag="952" ind1=" " ind2=" ">
    <subfield code="0">0</subfield>
    <subfield code="1">0</subfield>
    <subfield code="2">ddc</subfield>
    <subfield code="7">0</subfield>
    <subfield code="8">eTEXT</subfield>
    <subfield code="a">Principal</subfield>
    <subfield code="d">2025-05-20</subfield>
    <subfield code="l">0</subfield>
    <subfield code="p">EB0479</subfield>
    <subfield code="r">2025-05-20 11:27:23</subfield>
    <subfield code="t">copias ilimitadas</subfield>
    <subfield code="w">2025-05-20</subfield>
    <subfield code="y">EB</subfield>
  </datafield>
</record>
